Les surnoms des équipes de Foot 2 - Statistiques

Statistiques générales
  • Ce quiz a été pris 40 fois
  • Le résultat moyen est 11 sur 30
Statistiques - réponses
Surnoms Pays % Correct
Les Pharaons Egypte
94%
La Grande Muraille Chine
89%
Les Lions indomptables Cameroun
83%
Les Reggae Boyz Jamaique
83%
Les Lions de la Teranga Senegal
80%
Les Samourais Bleus Japon
63%
Les Tigres du Bengale Bangladesh
49%
Les Damiers Croatie
49%
Les Cedres Liban
49%
Les Cafeteros Colombie
46%
Los Ticos Costa rica
43%
Les Gwada boys Guadeloupe
43%
Les Dodos Maurice
37%
Das Team Autriche
34%
Les Canucks Canada
34%
Les Magyars magiques Hongrie
34%
Les Lions de Mesopotamie Irak
31%
L'Equipe au Tartan Ecosse
23%
Le Syli national Guinée
23%
Les Guépards ( anciennement les Ecureuils) Benin
20%
Les Aigles Mali
17%
Les Requins bleus Cap Vert
14%
Les Cœlacanthes Comores
14%
Les requins de la Mer Rouge Djibouti
14%
La Verde Bolivie
11%
Les Cagous Nouvelle Caledonie
9%
Les Grenadiers Haiti
6%
L'Etoile Unique Liberia
3%
Les Couscous Papouasie Nouvelle-Guinée
3%
Les Pirates Seychelles
3%
Aucun quiz correspondant
Distribution des résultats
% des personnes avec chaque résultat
Percentile par nombre de réponses
Votre historique - résultats
Vous n’avez pas pris ce quiz